| 000 | 00414pab a2200145 454500 | ||
|---|---|---|---|
| 008 | 180718b2015 xxu||||| |||| 00| 0 eng d | ||
| 100 | _aPathak, Tripuresh | ||
| 245 | _aRelevance of concept of "end of history" in contemporary political discourse | ||
| 260 | _c2015 | ||
| 300 | _ap.54-65. | ||
| 362 | _aJan-Jun & Jul-Dec | ||
| 650 | _aInternational relations | ||
| 773 | _aReview of Politics | ||
| 909 | _a115862 | ||
| 999 |
_c115856 _d115856 |
||